000 00591nam a22001457a 4500
008 230428b |||||||| |||| 00| 0 eng d
040 _aNational Science Library
_cNational Science Library
080 _a537.311.33(05)
_bK6
245 _aProceedings of the international conference on the physics of semiconductors Kyoto 1966
_c/The Physical Society of Japan, Journal of the physical society of Japan, Vol. 21, supplement, 1966
260 _aJapan:
_bThe Physical Society of Japan,
_c1966
300 _axiii, 780p.
650 _aSemiconductors
653 _aPhysics
942 _2udc
_cPR
999 _c24723
_d24723